Анализ и визуализация данных средствами языка Python. Ч. 1 (Запись № 13536478)

Подробности
000 -МАРКЕР
контрольное поле 01883nam2a2200253 4500
001 - ИДЕНТИФИКАТОР ЗАПИСИ
контрольное поле RU\NLR\BIBL_A\022705961
005 - ИДЕНТИФИКАТОР ВЕРСИИ
контрольное поле 20260213150934.0
010 ## - МЕЖДУНАРОДНЫЙ СТАНДАРТНЫЙ НОМЕР КНИГИ (ISBN)
Номер (ISBN) 978-5-7253-3309-1
Уточнения ч.1
Тираж 300
021 ## - НОМЕР ГОСУДАРСТВЕННОЙ РЕГИСТРАЦИИ
Код страны Российская Федерация
Номер КН-П-25-072746
Номер Листа государственной регистраци КН-П-25-7047
035 ## - ДРУГИЕ СИСТЕМНЫЕ НОМЕРА
Идентификатор записи (NLR Aleph) 022705961
100 ## - ДАННЫЕ ОБЩЕЙ ОБРАБОТКИ
Данные общей обработки 20260121d2025 u y0rusy50 ca
101 0# - ЯЗЫК РЕСУРСА
Язык текста, звукозаписи и т.д. русский
102 ## - СТРАНА ПУБЛИКАЦИИ ИЛИ ПРОИЗВОДСТВА
Страна публикации Российская Федерация
105 ## - ПОЛЕ КОДИРОВАННЫХ ДАННЫХ: ТЕКСТОВЫЕ МАТЕРИАЛЫ, МОНОГРАФИЧЕСКИЕ
Кодированные данные о монографическом текстовом документе a|||j|||000yy
200 0# - ЗАГЛАВИЕ И СВЕДЕНИЯ ОБ ОТВЕТСТВЕННОСТИ
Основное заглавие Ч. 1
210 ## - ПУБЛИКАЦИЯ, РАСПРОСТРАНЕНИЕ И ДР.
Дата издания, распространения и т.д. 2025
215 ## - ФИЗИЧЕСКАЯ ХАРАКТЕРИСТИКА
Специфическое обозначение материала и объем 178, [1] с.
Другие сведения о физической характеристике ил., табл.
320 ## - ПРИМЕЧАНИЯ О НАЛИЧИИ В ДОКУМЕНТЕ БИБЛИОГРАФИИ / УКАЗАТЕЛЯ
Текст примечания Библиогр. в конце кн.
461 #0 - УРОВЕНЬ НАБОРА
Встроенное поле 001RU\NLR\BIBL_A\022705948
-- 2001#$aАнализ и визуализация данных средствами языка Python$eучебное пособие$eдля студентов специальностей 38.03.05 "Бизнес-информатика" (бакалавриат), аспирантов$eв трех частях$fА. В. Родионов$gМинистерство науки и высшего образования Российской Федерации, Байкальский государственный университет$vЧ. 1
-- 700#1$aРодионов$bА. В.$cканд. техн. наук, информатика$gАлексей Владимирович$3RU\NLR\AUTH\770184135
Системный номер (АБИС) связанной записи 13552779
Автор Родионов, А. В. (канд. техн. наук, информатика)
Место публикации Иркутск
Дата публикации 2025-
Первые сведения об ответственности А. В. Родионов
Имя издателя, распространителя и т.д. Издательский дом БГУ
Сведения, относящиеся к заглавию учебное пособие : для студентов специальностей 38.03.05 "Бизнес-информатика" (бакалавриат), аспирантов : в трех частях
Заглавие Анализ и визуализация данных средствами языка Python
ISBN 978-5-7253-3301-5
Номер тома Ч. 1
942 ## - ДОПОЛНИТЕЛЬНЫЕ ЭЛЕМЕНТЫ ЗАПИСИ (АБИС)
Тип экземпляра АБИС Книга
980 ## - КОЛЛЕКЦИЯ
Название коллекции Национальная библиография

Нет доступных экземпляров.